How North American appraisers value contaminated property and associated stigma. (Record no. 61007)

MARC details
000 -LEADER
fixed length control field 00965cam a2200217 4500
001 - CONTROL NUMBER
control field ABS61283
008 - FIXED-LENGTH DATA ELEMENTS--GENERAL INFORMATION
fixed length control field 000000n1999 000 0 eng u
035 ## - SYSTEM CONTROL NUMBER
System control number (Sirsi) u101909
100 ## - MAIN ENTRY--PERSONAL NAME
Personal name Kinnard, W.
245 ## - TITLE STATEMENT
Title How North American appraisers value contaminated property and associated stigma.
260 ## - PUBLICATION, DISTRIBUTION, ETC.
Date of publication, distribution, etc. 1999
490 ## - SERIES STATEMENT
Series statement Appraisal Journal
Volume/sequential designation 67(3) July 1999, 269-279(11)
520 ## - SUMMARY, ETC.
Summary, etc. Presents the results of a systematic survey of US and Canadian appraisers know or reported to have experience in valuing contaminated real estate. Looks at the methods and procedures used in valuing the property and compares these with recommended practice. The area in which respondents felt more guidance was needed was in the identification and measurement of post-remediation stigma.
650 ## - SUBJECT ADDED ENTRY--TOPICAL TERM
Topical term or geographic name entry element CONTAMINATED LAND
650 ## - SUBJECT ADDED ENTRY--TOPICAL TERM
Topical term or geographic name entry element NORTH AMERICA
650 ## - SUBJECT ADDED ENTRY--TOPICAL TERM
Topical term or geographic name entry element CANADA
650 ## - SUBJECT ADDED ENTRY--TOPICAL TERM
Topical term or geographic name entry element USA
690 ## - LOCAL SUBJECT ADDED ENTRY--TOPICAL TERM (OCLC, RLIN)
Topical term or geographic name as entry element RATING AND VALUATION
700 ## - ADDED ENTRY--PERSONAL NAME
Personal name Worzala, E.
942 ## - ADDED ENTRY ELEMENTS (KOHA)
Suppress in OPAC 0
Holdings
Withdrawn status Lost status Source of classification or shelving scheme Damaged status Not for loan Home library Current library Shelving location Date acquired Total Checkouts Full call number Barcode Date last seen Copy number Price effective from Koha item type
    Dewey Decimal Classification     London London Journal article 12/11/1999   ABS61283 101909-1001 06/08/2019 1 06/08/2019 Journal article